| 000 | 00365nam a2200157Ia 4500 | ||
|---|---|---|---|
| 008 | 231217s9999 xx 000 0 und d | ||
| 041 | _aEnglish | ||
| 082 | _a001.6404 WIL | ||
| 100 | _aWillis, Jerry Miller, Merl | ||
| 245 | 0 | _aComputers for everybody | |
| 250 | _a3rd ed. | ||
| 260 |
_c1984 _bDP |
||
| 300 | _aix+355 | ||
| 650 | _aComputers | ||
| 942 | _cAA | ||
| 999 |
_c160599 _d160599 |
||